[Event "April 9 Late 2024"]
[Site "Chess.com"]
[Date "2024.04.09"]
[Round "1"]
[White "Gruca, Miroslav"]
[Black "Suder, Jakub"]
[Result "0-1"]
[Board "155"]
[WhiteFideId "14905906"]
[BlackFideId "1195310"]
[WhiteTitle "CM"]
[BlackTitle "FM"]
[WhiteElo "2241"]
[BlackElo "2614"]
[WhiteTeam "SVK"]
[BlackTeam "POL"]
[WhiteClock "0:00:00"]
[BlackClock "0:02:21"]
[Variant "Standard"]

1. d4 {[%clk 0:02:59]}  d5 {[%clk 0:02:59]} 2. Nc3 {[%clk 0:02:58]}  Nf6 {[%clk 0:02:58]} 3. Bf4 {[%clk 0:02:55]}  a6 {[%clk 0:02:55]} 4. e3 {[%clk 0:02:48]}  c5 {[%clk 0:02:54]} 5. dxc5 {[%clk 0:02:39]}  Nc6 {[%clk 0:02:54]} 6. a3 {[%clk 0:02:30]}  e5 {[%clk 0:02:54]} 7. Bg5 {[%clk 0:02:25]}  Be6 {[%clk 0:02:54]} 8. b4 {[%clk 0:02:20]}  Be7 {[%clk 0:02:54]} 9. Nf3 {[%clk 0:02:06]}  O-O {[%clk 0:02:52]} 10. Be2 {[%clk 0:02:03]}  Qe8 {[%clk 0:02:52]} 11. O-O {[%clk 0:02:00]}  Ne4 {[%clk 0:02:52]} 12. Nxe4 {[%clk 0:01:50]}  dxe4 {[%clk 0:02:53]} 13. Bxe7 {[%clk 0:01:42]}  exf3 {[%clk 0:02:53]} 14. Bxf8 {[%clk 0:01:32]}  fxe2 {[%clk 0:02:53]} 15. Qxe2 {[%clk 0:01:31]}  Qxf8 {[%clk 0:02:54]} 16. Rfd1 {[%clk 0:01:24]}  f5 {[%clk 0:02:53]} 17. Rd6 {[%clk 0:01:20]}  Qf7 {[%clk 0:02:51]} 18. Rad1 {[%clk 0:01:16]}  Re8 {[%clk 0:02:50]} 19. c3 {[%clk 0:01:12]}  e4 {[%clk 0:02:47]} 20. f4 {[%clk 0:00:58]}  exf3 {[%clk 0:02:44]} 21. gxf3 {[%clk 0:00:51]}  Bc4 {[%clk 0:02:36]} 22. Qf2 {[%clk 0:00:40]}  Ne5 {[%clk 0:02:37]} 23. Rd8 {[%clk 0:00:34]}  h6 {[%clk 0:02:32]} 24. R1d4 {[%clk 0:00:13]}  Rxd8 {[%clk 0:02:30]} 25. Rxd8+ {[%clk 0:00:12]}  Kh7 {[%clk 0:02:31]} 26. Qg3 {[%clk 0:00:07]}  Qe7 {[%clk 0:02:25]} 27. Rd4 {[%clk 0:00:06]}  Bb5 {[%clk 0:02:22]} 28. h4 {[%clk 0:00:00]}  Bc6 {[%clk 0:02:21]} 0-1

[Event "April 9 Late 2024"]
[Site "Chess.com"]
[Date "2024.04.09"]
[Round "1"]
[White "Fernandez Hernandez, Gerardo"]
[Black "Bujisho, Benjamin"]
[Result "0-1"]
[Board "159"]
[WhiteFideId "2207400"]
[BlackFideId "608610"]
[WhiteTitle "CM"]
[BlackTitle "IM"]
[WhiteElo "2238"]
[BlackElo "2605"]
[WhiteTeam "ESP"]
[BlackTeam "FRA"]
[WhiteClock "0:00:00"]
[BlackClock "0:01:09"]
[Variant "Standard"]

1. e4 {[%clk 0:02:48]}  c5 {[%clk 0:02:59]} 2. d3 {[%clk 0:02:47]}  Nc6 {[%clk 0:02:59]} 3. g3 {[%clk 0:02:48]}  h5 {[%clk 0:02:59]} 4. h3 {[%clk 0:02:47]}  e5 {[%clk 0:02:56]} 5. Bg2 {[%clk 0:02:47]}  d6 {[%clk 0:02:56]} 6. f4 {[%clk 0:02:47]}  h4 {[%clk 0:02:56]} 7. g4 {[%clk 0:02:47]}  exf4 {[%clk 0:02:55]} 8. Bxf4 {[%clk 0:02:48]}  g5 {[%clk 0:02:55]} 9. Be3 {[%clk 0:02:46]}  Bg7 {[%clk 0:02:54]} 10. Nc3 {[%clk 0:02:45]}  Be5 {[%clk 0:02:42]} 11. Qd2 {[%clk 0:02:44]}  f6 {[%clk 0:02:43]} 12. Nge2 {[%clk 0:02:41]}  Nge7 {[%clk 0:02:42]} 13. O-O {[%clk 0:02:33]}  Nd4 {[%clk 0:02:37]} 14. Rf2 {[%clk 0:02:13]}  Be6 {[%clk 0:02:30]} 15. Raf1 {[%clk 0:02:08]}  Ng6 {[%clk 0:02:17]} 16. Bxd4 {[%clk 0:01:56]}  cxd4 {[%clk 0:02:17]} 17. Nd5 {[%clk 0:01:50]}  Bxd5 {[%clk 0:02:17]} 18. exd5 {[%clk 0:01:49]}  O-O {[%clk 0:02:14]} 19. Be4 {[%clk 0:01:49]}  Kg7 {[%clk 0:02:09]} 20. Bxg6 {[%clk 0:01:42]}  Kxg6 {[%clk 0:02:09]} 21. Kg2 {[%clk 0:00:56]}  Qb6 {[%clk 0:02:05]} 22. c4 {[%clk 0:00:46]}  Rae8 {[%clk 0:02:02]} 23. b3 {[%clk 0:00:28]}  Qd8 {[%clk 0:02:00]} 24. Ng1 {[%clk 0:00:20]}  Bg3 {[%clk 0:01:57]} 25. Rf5 {[%clk 0:00:18]}  Re3 {[%clk 0:01:56]} 26. Nf3 {[%clk 0:00:17]}  Rfe8 {[%clk 0:01:56]} 27. Nxd4 {[%clk 0:00:14]}  Qb6 {[%clk 0:01:52]} 28. Rxf6+ {[%clk 0:00:11]}  Kh7 {[%clk 0:01:49]} 29. Rf7+ {[%clk 0:00:09]}  Kg8 {[%clk 0:01:49]} 30. Ne6 {[%clk 0:00:03]}  Bf4 {[%clk 0:01:30]} 31. R1xf4 {[%clk 0:00:03]}  gxf4 {[%clk 0:01:29]} 32. Rxf4 {[%clk 0:00:03]}  R8xe6 {[%clk 0:01:13]} 33. dxe6 {[%clk 0:00:03]}  Qc6+ {[%clk 0:01:13]} 34. Re4 {[%clk 0:00:01]}  Rxe4 {[%clk 0:01:13]} 35. dxe4 {[%clk 0:00:02]}  Qxe4+ {[%clk 0:01:12]} 36. Kh2 {[%clk 0:00:02]}  Qe5+ {[%clk 0:01:11]} 37. Kg2 {[%clk 0:00:00]}  Qg3+ {[%clk 0:01:09]} 0-1

[Event "April 9 Late 2024"]
[Site "Chess.com"]
[Date "2024.04.09"]
[Round "1"]
[White "Bernotas, Arturs"]
[Black "Quirke, Jeffrey"]
[Result "1-0"]
[Board "164"]
[WhiteFideId "11601426"]
[BlackFideId "2013029"]
[WhiteTitle "FM"]
[WhiteElo "2601"]
[BlackElo "2215"]
[WhiteTeam "LAT"]
[BlackTeam "USA"]
[WhiteClock "0:00:43"]
[BlackClock "0:00:07"]
[Variant "Standard"]

1. e4 {[%clk 0:03:00]}  c5 {[%clk 0:02:59]} 2. Nf3 {[%clk 0:02:59]}  Nc6 {[%clk 0:02:59]} 3. Bb5 {[%clk 0:02:58]}  Nf6 {[%clk 0:02:58]} 4. Nc3 {[%clk 0:02:57]}  Qc7 {[%clk 0:02:57]} 5. O-O {[%clk 0:02:57]}  g6 {[%clk 0:02:48]} 6. Re1 {[%clk 0:02:55]}  Bg7 {[%clk 0:02:48]} 7. d3 {[%clk 0:02:47]}  O-O {[%clk 0:02:47]} 8. h3 {[%clk 0:02:47]}  d6 {[%clk 0:02:38]} 9. Bg5 {[%clk 0:02:45]}  Nd4 {[%clk 0:02:35]} 10. Bxf6 {[%clk 0:02:42]}  Nxf3+ {[%clk 0:02:24]} 11. Qxf3 {[%clk 0:02:41]}  exf6 {[%clk 0:02:25]} 12. Nd5 {[%clk 0:02:40]}  Qd8 {[%clk 0:02:24]} 13. a4 {[%clk 0:02:33]}  Be6 {[%clk 0:02:13]} 14. Bc4 {[%clk 0:02:27]}  Re8 {[%clk 0:02:04]} 15. Rab1 {[%clk 0:02:21]}  f5 {[%clk 0:02:01]} 16. exf5 {[%clk 0:02:10]}  Bxd5 {[%clk 0:01:41]} 17. Qxd5 {[%clk 0:02:08]}  Qc7 {[%clk 0:01:29]} 18. c3 {[%clk 0:01:57]}  Rad8 {[%clk 0:01:26]} 19. fxg6 {[%clk 0:01:53]}  hxg6 {[%clk 0:01:25]} 20. h4 {[%clk 0:01:51]}  Bf6 {[%clk 0:01:15]} 21. h5 {[%clk 0:01:50]}  Kg7 {[%clk 0:01:15]} 22. Qf3 {[%clk 0:01:18]}  Rh8 {[%clk 0:01:08]} 23. hxg6 {[%clk 0:01:18]}  d5 {[%clk 0:01:02]} 24. Bxd5 {[%clk 0:00:53]}  Qh2+ {[%clk 0:01:01]} 25. Kf1 {[%clk 0:00:54]}  Qh1+ {[%clk 0:00:48]} 26. Ke2 {[%clk 0:00:54]}  Rhe8+ {[%clk 0:00:47]} 27. Be4 {[%clk 0:00:54]}  Qh4 {[%clk 0:00:14]} 28. Rh1 {[%clk 0:00:48]}  Qg5 {[%clk 0:00:07]} 29. Rh7+ {[%clk 0:00:43]} 1-0

[Event "April 9 Late 2024"]
[Site "Chess.com"]
[Date "2024.04.09"]
[Round "1"]
[White "Cardozo Munar, Carlos Eduardo"]
[Black "Yagupov, Igor"]
[Result "1/2-1/2"]
[Board "165"]
[WhiteFideId "4409477"]
[BlackFideId "4113632"]
[WhiteTitle "FM"]
[BlackTitle "GM"]
[WhiteElo "2214"]
[BlackElo "2598"]
[WhiteTeam "COL"]
[BlackTeam "RUS"]
[WhiteClock "0:00:12"]
[BlackClock "0:00:05"]
[Variant "Standard"]

1. e4 {[%clk 0:02:54]}  c5 {[%clk 0:02:58]} 2. Nf3 {[%clk 0:02:54]}  Nc6 {[%clk 0:02:57]} 3. Nc3 {[%clk 0:02:55]}  g6 {[%clk 0:02:46]} 4. d3 {[%clk 0:02:55]}  Bg7 {[%clk 0:02:45]} 5. g3 {[%clk 0:02:55]}  d6 {[%clk 0:02:44]} 6. Bg2 {[%clk 0:02:55]}  Rb8 {[%clk 0:02:43]} 7. O-O {[%clk 0:02:56]}  b5 {[%clk 0:02:42]} 8. a3 {[%clk 0:02:55]}  e6 {[%clk 0:02:38]} 9. Be3 {[%clk 0:02:53]}  Nd4 {[%clk 0:02:33]} 10. Qd2 {[%clk 0:02:52]}  h6 {[%clk 0:02:27]} 11. Rab1 {[%clk 0:02:32]}  Ne7 {[%clk 0:02:15]} 12. Rfe1 {[%clk 0:02:32]}  a5 {[%clk 0:02:09]} 13. Ne2 {[%clk 0:02:33]}  Nxf3+ {[%clk 0:02:05]} 14. Bxf3 {[%clk 0:02:33]}  e5 {[%clk 0:02:02]} 15. c3 {[%clk 0:02:33]}  f5 {[%clk 0:01:44]} 16. exf5 {[%clk 0:02:18]}  Bxf5 {[%clk 0:01:35]} 17. Rbd1 {[%clk 0:02:17]}  Qd7 {[%clk 0:01:32]} 18. d4 {[%clk 0:02:14]}  e4 {[%clk 0:01:30]} 19. Bh1 {[%clk 0:02:08]}  c4 {[%clk 0:01:29]} 20. d5 {[%clk 0:02:00]}  g5 {[%clk 0:01:25]} 21. Bd4 {[%clk 0:02:00]}  O-O {[%clk 0:01:20]} 22. Bxg7 {[%clk 0:01:59]}  Kxg7 {[%clk 0:01:21]} 23. Nd4 {[%clk 0:02:00]}  Bg4 {[%clk 0:01:16]} 24. Rxe4 {[%clk 0:01:53]}  Bxd1 {[%clk 0:01:14]} 25. Ne6+ {[%clk 0:01:52]}  Kg8 {[%clk 0:01:11]} 26. Qxd1 {[%clk 0:01:52]}  Rf6 {[%clk 0:01:09]} 27. h4 {[%clk 0:01:43]}  gxh4 {[%clk 0:00:56]} 28. Rxh4 {[%clk 0:01:37]}  Nf5 {[%clk 0:00:51]} 29. Rg4+ {[%clk 0:01:31]}  Kh8 {[%clk 0:00:50]} 30. Be4 {[%clk 0:01:31]}  Rg8 {[%clk 0:00:46]} 31. Bxf5 {[%clk 0:01:25]}  Rxf5 {[%clk 0:00:45]} 32. Rxg8+ {[%clk 0:01:25]}  Kxg8 {[%clk 0:00:44]} 33. Qg4+ {[%clk 0:01:18]}  Rg5 {[%clk 0:00:44]} 34. Qh4 {[%clk 0:01:18]}  Rg6 {[%clk 0:00:43]} 35. f4 {[%clk 0:01:04]}  Rxe6 {[%clk 0:00:42]} 36. dxe6 {[%clk 0:01:04]}  Qxe6 {[%clk 0:00:42]} 37. Qd8+ {[%clk 0:00:54]}  Kf7 {[%clk 0:00:38]} 38. Qc7+ {[%clk 0:00:24]}  Kg6 {[%clk 0:00:34]} 39. Qb6 {[%clk 0:00:24]}  Qe1+ {[%clk 0:00:29]} 40. Kg2 {[%clk 0:00:24]}  Qe2+ {[%clk 0:00:29]} 41. Qf2 {[%clk 0:00:25]}  Qxf2+ {[%clk 0:00:22]} 42. Kxf2 {[%clk 0:00:26]}  Kf5 {[%clk 0:00:22]} 43. Kf3 {[%clk 0:00:25]}  h5 {[%clk 0:00:21]} 44. Ke3 {[%clk 0:00:19]}  Kg4 {[%clk 0:00:19]} 45. Kd4 {[%clk 0:00:19]}  Kxg3 {[%clk 0:00:15]} 46. f5 {[%clk 0:00:19]}  h4 {[%clk 0:00:16]} 47. f6 {[%clk 0:00:20]}  h3 {[%clk 0:00:16]} 48. f7 {[%clk 0:00:20]}  h2 {[%clk 0:00:17]} 49. f8=Q {[%clk 0:00:20]}  h1=Q {[%clk 0:00:18]} 50. Qxd6+ {[%clk 0:00:21]}  Kf2 {[%clk 0:00:17]} 51. Qf4+ {[%clk 0:00:20]}  Ke2 {[%clk 0:00:16]} 52. Qe5+ {[%clk 0:00:19]}  Kd1 {[%clk 0:00:15]} 53. Qxb5 {[%clk 0:00:19]}  Qh4+ {[%clk 0:00:13]} 54. Kc5 {[%clk 0:00:18]}  Kc2 {[%clk 0:00:11]} 55. Qxc4 {[%clk 0:00:18]}  Qg5+ {[%clk 0:00:09]} 56. Kb6 {[%clk 0:00:18]}  Kxb2 {[%clk 0:00:06]} 57. Qb5+ {[%clk 0:00:18]}  Qxb5+ {[%clk 0:00:05]} 58. Kxb5 {[%clk 0:00:19]}  Kxa3 {[%clk 0:00:05]} 59. c4 {[%clk 0:00:17]}  Kb3 {[%clk 0:00:03]} 60. c5 {[%clk 0:00:17]}  a4 {[%clk 0:00:03]} 61. c6 {[%clk 0:00:18]}  a3 {[%clk 0:00:04]} 62. c7 {[%clk 0:00:19]}  a2 {[%clk 0:00:05]} 63. c8=Q {[%clk 0:00:19]}  a1=Q {[%clk 0:00:06]} 64. Qc4+ {[%clk 0:00:19]}  Kb2 {[%clk 0:00:06]} 65. Qd4+ {[%clk 0:00:19]}  Kb1 {[%clk 0:00:06]} 66. Qd3+ {[%clk 0:00:18]}  Kc1 {[%clk 0:00:06]} 67. Qf1+ {[%clk 0:00:14]}  Kb2 {[%clk 0:00:06]} 68. Qe2+ {[%clk 0:00:14]}  Kb1 {[%clk 0:00:05]} 69. Qd1+ {[%clk 0:00:14]}  Kb2 {[%clk 0:00:05]} 70. Qd2+ {[%clk 0:00:15]}  Kb1 {[%clk 0:00:05]} 71. Kc4 {[%clk 0:00:12]}  Qa2+ {[%clk 0:00:04]} 72. Qxa2+ {[%clk 0:00:12]}  Kxa2 {[%clk 0:00:05]} 1/2-1/2

[Event "April 9 Late 2024"]
[Site "Chess.com"]
[Date "2024.04.09"]
[Round "1"]
[White "Jing, Andrew"]
[Black "Ambartsumova, Karina"]
[Result "0-1"]
[Board "167"]
[WhiteFideId "30984076"]
[BlackFideId "4166299"]
[BlackTitle "IM"]
[WhiteElo "2205"]
[BlackElo "2596"]
[WhiteTeam "USA"]
[BlackTeam "RUS"]
[WhiteClock "0:01:25"]
[BlackClock "0:00:50"]
[Variant "Standard"]

1. d4 {[%clk 0:02:59]}  Nf6 {[%clk 0:02:59]} 2. c4 {[%clk 0:02:56]}  e6 {[%clk 0:03:00]} 3. g3 {[%clk 0:02:55]}  d5 {[%clk 0:03:00]} 4. Bg2 {[%clk 0:02:56]}  dxc4 {[%clk 0:03:01]} 5. Nf3 {[%clk 0:02:56]}  Nc6 {[%clk 0:03:01]} 6. O-O {[%clk 0:02:55]}  Rb8 {[%clk 0:03:01]} 7. a4 {[%clk 0:02:51]}  a6 {[%clk 0:02:59]} 8. a5 {[%clk 0:02:51]}  Bb4 {[%clk 0:02:59]} 9. Bd2 {[%clk 0:02:51]}  Bxd2 {[%clk 0:02:43]} 10. Nbxd2 {[%clk 0:02:50]}  Nxd4 {[%clk 0:02:42]} 11. Nxc4 {[%clk 0:02:44]}  Nxf3+ {[%clk 0:02:35]} 12. Bxf3 {[%clk 0:02:45]}  O-O {[%clk 0:02:35]} 13. Qc2 {[%clk 0:02:31]}  Bd7 {[%clk 0:02:31]} 14. Rfd1 {[%clk 0:02:31]}  Qe7 {[%clk 0:02:28]} 15. Ne5 {[%clk 0:02:31]}  Rfc8 {[%clk 0:02:22]} 16. Rac1 {[%clk 0:02:27]}  Bb5 {[%clk 0:02:20]} 17. Qc3 {[%clk 0:02:18]}  h6 {[%clk 0:02:17]} 18. b4 {[%clk 0:02:17]}  c6 {[%clk 0:02:12]} 19. Qc5 {[%clk 0:02:14]}  Qc7 {[%clk 0:02:04]} 20. Rd6 {[%clk 0:02:02]}  Rd8 {[%clk 0:01:59]} 21. Rcd1 {[%clk 0:01:59]}  Rxd6 {[%clk 0:01:59]} 22. Rxd6 {[%clk 0:02:00]}  Rd8 {[%clk 0:01:57]} 23. Rd4 {[%clk 0:01:56]}  Rxd4 {[%clk 0:01:46]} 24. Qxd4 {[%clk 0:01:56]}  Nd5 {[%clk 0:01:39]} 25. e4 {[%clk 0:01:56]}  Nxb4 {[%clk 0:01:34]} 26. Nd7 {[%clk 0:01:45]}  Qxa5 {[%clk 0:01:24]} 27. Bh5 {[%clk 0:01:39]}  Nc2 {[%clk 0:01:18]} 28. Qd6 {[%clk 0:01:33]}  Qe1+ {[%clk 0:01:16]} 29. Kg2 {[%clk 0:01:32]}  Bf1+ {[%clk 0:01:07]} 30. Kf3 {[%clk 0:01:32]}  Qe2+ {[%clk 0:01:07]} 31. Kf4 {[%clk 0:01:32]}  Qxf2+ {[%clk 0:00:52]} 32. Kg4 {[%clk 0:01:26]}  Ne3+ {[%clk 0:00:51]} 33. Kh4 {[%clk 0:01:25]}  g5# {[%clk 0:00:50]} 0-1

[Event "April 9 Late 2024"]
[Site "Chess.com"]
[Date "2024.04.09"]
[Round "1"]
[White "Silva, Miguel Antonio Neto"]
[Black "Novikova, Margarita"]
[Result "1-0"]
[Board "168"]
[WhiteFideId "1911929"]
[BlackFideId "14109689"]
[BlackTitle "WCM"]
[WhiteElo "2595"]
[BlackElo "2205"]
[WhiteTeam "POR"]
[BlackTeam "GER"]
[WhiteClock "0:01:03"]
[BlackClock "0:00:00"]
[Variant "Standard"]

1. d4 {[%clk 0:03:00]}  g6 {[%clk 0:02:52]} 2. e4 {[%clk 0:03:00]}  Bg7 {[%clk 0:02:52]} 3. Be3 {[%clk 0:03:00]}  d6 {[%clk 0:02:52]} 4. Nf3 {[%clk 0:03:00]}  b6 {[%clk 0:02:50]} 5. Qd2 {[%clk 0:02:59]}  Bb7 {[%clk 0:02:49]} 6. Nc3 {[%clk 0:02:59]}  Nd7 {[%clk 0:02:49]} 7. a4 {[%clk 0:02:57]}  a6 {[%clk 0:02:47]} 8. Bc4 {[%clk 0:02:52]}  e6 {[%clk 0:02:43]} 9. O-O {[%clk 0:02:49]}  Ne7 {[%clk 0:02:41]} 10. Bh6 {[%clk 0:02:47]}  O-O {[%clk 0:02:40]} 11. Rfe1 {[%clk 0:02:46]}  e5 {[%clk 0:02:36]} 12. Bxg7 {[%clk 0:02:39]}  Kxg7 {[%clk 0:02:36]} 13. Rad1 {[%clk 0:02:36]}  Nc6 {[%clk 0:01:58]} 14. Bd5 {[%clk 0:02:26]}  Rb8 {[%clk 0:01:52]} 15. dxe5 {[%clk 0:02:17]}  Ncxe5 {[%clk 0:01:48]} 16. Nxe5 {[%clk 0:02:15]}  Nxe5 {[%clk 0:01:45]} 17. f4 {[%clk 0:02:14]}  Nd7 {[%clk 0:01:29]} 18. Qd4+ {[%clk 0:02:12]}  Kg8 {[%clk 0:01:18]} 19. Bxb7 {[%clk 0:02:10]}  Rxb7 {[%clk 0:01:18]} 20. e5 {[%clk 0:02:11]}  Nc5 {[%clk 0:00:57]} 21. exd6 {[%clk 0:02:06]}  cxd6 {[%clk 0:00:56]} 22. Nd5 {[%clk 0:02:03]}  f5 {[%clk 0:00:37]} 23. b3 {[%clk 0:01:47]}  Ne4 {[%clk 0:00:35]} 24. c4 {[%clk 0:01:45]}  Qc8 {[%clk 0:00:26]} 25. Nxb6 {[%clk 0:01:31]}  Qc5 {[%clk 0:00:20]} 26. Qxc5 {[%clk 0:01:31]}  dxc5 {[%clk 0:00:15]} 27. a5 {[%clk 0:01:30]}  h6 {[%clk 0:00:08]} 28. Rd5 {[%clk 0:01:29]}  Kg7 {[%clk 0:00:04]} 29. Red1 {[%clk 0:01:28]}  Rff7 {[%clk 0:00:03]} 30. R1d3 {[%clk 0:01:28]}  g5 {[%clk 0:00:02]} 31. fxg5 {[%clk 0:01:26]}  hxg5 {[%clk 0:00:03]} 32. h3 {[%clk 0:01:26]}  Kg6 {[%clk 0:00:03]} 33. Nd7 {[%clk 0:01:20]}  Kh5 {[%clk 0:00:02]} 34. Nxc5 {[%clk 0:01:17]}  Nxc5 {[%clk 0:00:01]} 35. Rxc5 {[%clk 0:01:17]}  Kg6 {[%clk 0:00:01]} 36. Rd6+ {[%clk 0:01:16]}  Rf6 {[%clk 0:00:01]} 37. Rxf6+ {[%clk 0:01:16]}  Kxf6 {[%clk 0:00:02]} 38. Rc6+ {[%clk 0:01:16]}  Ke5 {[%clk 0:00:03]} 39. Rb6 {[%clk 0:01:15]}  Ra7 {[%clk 0:00:02]} 40. b4 {[%clk 0:01:14]}  Kf4 {[%clk 0:00:02]} 41. Kf2 {[%clk 0:01:13]}  g4 {[%clk 0:00:02]} 42. hxg4 {[%clk 0:01:11]}  fxg4 {[%clk 0:00:03]} 43. Rf6+ {[%clk 0:01:10]}  Kg5 {[%clk 0:00:03]} 44. Rd6 {[%clk 0:01:09]}  Kf4 {[%clk 0:00:03]} 45. g3+ {[%clk 0:01:08]}  Kg5 {[%clk 0:00:03]} 46. Rd5+ {[%clk 0:01:08]}  Kf6 {[%clk 0:00:03]} 47. Ke3 {[%clk 0:01:08]}  Re7+ {[%clk 0:00:03]} 48. Kd3 {[%clk 0:01:08]}  Re1 {[%clk 0:00:03]} 49. Rd4 {[%clk 0:01:06]}  Kg5 {[%clk 0:00:03]} 50. Rd5+ {[%clk 0:01:06]}  Kf6 {[%clk 0:00:03]} 51. b5 {[%clk 0:01:06]}  axb5 {[%clk 0:00:03]} 52. cxb5 {[%clk 0:01:07]}  Rg1 {[%clk 0:00:03]} 53. b6 {[%clk 0:01:05]}  Rxg3+ {[%clk 0:00:03]} 54. Kc4 {[%clk 0:01:05]}  Rg1 {[%clk 0:00:03]} 55. b7 {[%clk 0:01:05]}  Rc1+ {[%clk 0:00:03]} 56. Kb5 {[%clk 0:01:03]}  Rb1+ {[%clk 0:00:03]} 57. Ka6 {[%clk 0:01:03]}  g3 {[%clk 0:00:00]} 58. Rb5 {[%clk 0:01:03]} 1-0

[Event "April 9 Late 2024"]
[Site "Chess.com"]
[Date "2024.04.09"]
[Round "1"]
[White "Skotheim, Andreas"]
[Black "Nunez Hirales, Juan Alejandro"]
[Result "1-0"]
[Board "170"]
[WhiteFideId "1518526"]
[BlackFideId "5108888"]
[WhiteTitle "CM"]
[WhiteElo "2589"]
[BlackElo "2188"]
[WhiteTeam "NOR"]
[BlackTeam "MEX"]
[WhiteClock "0:00:05"]
[BlackClock "0:00:03"]
[Variant "Standard"]

1. Nh3 {[%clk 0:02:54]}  d5 {[%clk 0:02:59]} 2. g3 {[%clk 0:02:53]}  Nf6 {[%clk 0:02:59]} 3. d4 {[%clk 0:02:49]}  c6 {[%clk 0:02:59]} 4. Bg2 {[%clk 0:02:49]}  Bg4 {[%clk 0:02:59]} 5. Nf4 {[%clk 0:02:46]}  e6 {[%clk 0:02:57]} 6. h3 {[%clk 0:02:39]}  Bf5 {[%clk 0:02:56]} 7. Nd2 {[%clk 0:02:28]}  Nbd7 {[%clk 0:02:55]} 8. g4 {[%clk 0:02:25]}  Bg6 {[%clk 0:02:52]} 9. Nxg6 {[%clk 0:02:25]}  hxg6 {[%clk 0:02:52]} 10. c4 {[%clk 0:02:14]}  Bb4 {[%clk 0:02:45]} 11. a3 {[%clk 0:02:11]}  Be7 {[%clk 0:02:39]} 12. Qc2 {[%clk 0:02:09]}  dxc4 {[%clk 0:02:38]} 13. Nxc4 {[%clk 0:02:08]}  Nb6 {[%clk 0:02:37]} 14. Be3 {[%clk 0:01:48]}  Nfd5 {[%clk 0:02:31]} 15. Bd2 {[%clk 0:01:47]}  Nxc4 {[%clk 0:02:29]} 16. Qxc4 {[%clk 0:01:47]}  Qd6 {[%clk 0:02:22]} 17. e3 {[%clk 0:01:37]}  Bf6 {[%clk 0:02:07]} 18. Rc1 {[%clk 0:01:29]}  Nb6 {[%clk 0:02:02]} 19. Qc5 {[%clk 0:01:24]}  Qxc5 {[%clk 0:02:01]} 20. Rxc5 {[%clk 0:01:25]}  Nd7 {[%clk 0:02:01]} 21. Rc2 {[%clk 0:01:24]}  O-O-O {[%clk 0:01:51]} 22. b4 {[%clk 0:01:21]}  Kb8 {[%clk 0:01:50]} 23. Ke2 {[%clk 0:01:17]}  e5 {[%clk 0:01:50]} 24. d5 {[%clk 0:01:14]}  cxd5 {[%clk 0:01:37]} 25. Bxd5 {[%clk 0:01:15]}  Rhf8 {[%clk 0:01:37]} 26. Rhc1 {[%clk 0:01:09]}  Nb6 {[%clk 0:01:32]} 27. Be4 {[%clk 0:00:59]}  Rc8 {[%clk 0:01:25]} 28. b5 {[%clk 0:00:54]}  Rxc2 {[%clk 0:01:20]} 29. Rxc2 {[%clk 0:00:55]}  Be7 {[%clk 0:01:20]} 30. Bc1 {[%clk 0:00:36]}  Rc8 {[%clk 0:01:15]} 31. f4 {[%clk 0:00:26]}  Rxc2+ {[%clk 0:01:01]} 32. Bxc2 {[%clk 0:00:27]}  Bd6 {[%clk 0:01:02]} 33. g5 {[%clk 0:00:12]}  exf4 {[%clk 0:00:58]} 34. exf4 {[%clk 0:00:13]}  Nd5 {[%clk 0:00:58]} 35. Kf3 {[%clk 0:00:12]}  Nc7 {[%clk 0:00:42]} 36. a4 {[%clk 0:00:13]}  Ne6 {[%clk 0:00:42]} 37. Be3 {[%clk 0:00:11]}  b6 {[%clk 0:00:38]} 38. Bb3 {[%clk 0:00:11]}  Kc7 {[%clk 0:00:38]} 39. Bxe6 {[%clk 0:00:09]}  fxe6 {[%clk 0:00:38]} 40. Bd4 {[%clk 0:00:09]}  Bf8 {[%clk 0:00:38]} 41. Ke4 {[%clk 0:00:09]}  Kd7 {[%clk 0:00:34]} 42. Bc3 {[%clk 0:00:06]}  Kc7 {[%clk 0:00:29]} 43. Bd4 {[%clk 0:00:06]}  Kd7 {[%clk 0:00:29]} 44. a5 {[%clk 0:00:06]}  Kc7 {[%clk 0:00:20]} 45. a6 {[%clk 0:00:06]}  Kd7 {[%clk 0:00:19]} 46. Bxb6 {[%clk 0:00:06]}  Bd6 {[%clk 0:00:09]} 47. Bxa7 {[%clk 0:00:05]}  Kc7 {[%clk 0:00:09]} 48. Bd4 {[%clk 0:00:05]}  Kb8 {[%clk 0:00:03]} 49. Be5 {[%clk 0:00:05]} 1-0

[Event "April 9 Late 2024"]
[Site "Chess.com"]
[Date "2024.04.09"]
[Round "1"]
[White "Coe, William"]
[Black "Olhovik, Andrei"]
[Result "0-1"]
[Board "171"]
[WhiteFideId "30913624"]
[BlackFideId "13507397"]
[BlackTitle "FM"]
[WhiteElo "2176"]
[BlackElo "2588"]
[WhiteTeam "USA"]
[BlackTeam "FID"]
[WhiteClock "0:00:21"]
[BlackClock "0:00:44"]
[Variant "Standard"]

1. e4 {[%clk 0:03:00]}  c5 {[%clk 0:02:43]} 2. Nf3 {[%clk 0:02:59]}  e6 {[%clk 0:02:43]} 3. d4 {[%clk 0:02:59]}  cxd4 {[%clk 0:02:42]} 4. Nxd4 {[%clk 0:03:00]}  Bc5 {[%clk 0:02:43]} 5. Nb3 {[%clk 0:02:59]}  Bb6 {[%clk 0:02:43]} 6. Bd3 {[%clk 0:03:00]}  Ne7 {[%clk 0:02:43]} 7. O-O {[%clk 0:02:59]}  O-O {[%clk 0:02:43]} 8. Re1 {[%clk 0:03:00]}  f5 {[%clk 0:02:43]} 9. Be3 {[%clk 0:02:59]}  Bxe3 {[%clk 0:02:43]} 10. Rxe3 {[%clk 0:02:59]}  f4 {[%clk 0:02:43]} 11. Rh3 {[%clk 0:02:56]}  g6 {[%clk 0:02:30]} 12. N1d2 {[%clk 0:02:50]}  Nbc6 {[%clk 0:02:28]} 13. Nf3 {[%clk 0:02:48]}  Kg7 {[%clk 0:01:55]} 14. Qe2 {[%clk 0:02:21]}  e5 {[%clk 0:01:54]} 15. Ng5 {[%clk 0:01:46]}  h6 {[%clk 0:01:48]} 16. Nf3 {[%clk 0:01:30]}  d6 {[%clk 0:01:45]} 17. Rh4 {[%clk 0:01:25]}  Ng8 {[%clk 0:01:30]} 18. g4 {[%clk 0:01:11]}  g5 {[%clk 0:01:27]} 19. Nxg5 {[%clk 0:01:04]}  Qxg5 {[%clk 0:01:25]} 20. Rh5 {[%clk 0:00:58]}  Qxg4+ {[%clk 0:01:23]} 21. Qxg4+ {[%clk 0:00:59]}  Bxg4 {[%clk 0:01:22]} 22. Rh4 {[%clk 0:00:59]}  Nf6 {[%clk 0:01:11]} 23. Kg2 {[%clk 0:00:45]}  Kg6 {[%clk 0:01:00]} 24. f3 {[%clk 0:00:43]}  Be6 {[%clk 0:00:58]} 25. Rg1 {[%clk 0:00:38]}  Kg5 {[%clk 0:00:55]} 26. Rh3 {[%clk 0:00:29]}  h5 {[%clk 0:00:46]} 27. Kf2+ {[%clk 0:00:27]}  Kh6 {[%clk 0:00:46]} 28. Rh4 {[%clk 0:00:28]}  Rg8 {[%clk 0:00:45]} 29. Nd2 {[%clk 0:00:23]}  Rxg1 {[%clk 0:00:44]} 30. Kxg1 {[%clk 0:00:21]}  Kg5 {[%clk 0:00:44]} 0-1